000 01769nam0a2200313 i 4500
001 RU\NLR\BIBL_A\011279658
005 20260406111140.0
010 _a9785906909206
_9200
021 _aRU
_b2016-86992
_95711
035 _a(NLR Aleph) 011279658
090 _a10866718
_c10866718
100 _a20160517d2016 km y0rusy50 ca
101 0 _arus
102 _aRU
105 _aa z 100yy
200 1 _aОсвоение и внедрение современных образовательных технологий в учебный процесс
_eматериалы XIII международной научно-практической конференции (30 сентября 2016 г.)
_eсборник научных трудов
_fнауч. ред.: д.п.н., проф. С.П. Акутина
210 _aМосква
_cПеро
_d2016
215 _a105 с.
_cил.
_d20
300 _aВ надзаг.: Центр научной мысли
320 _aБиблиогр. в конце ст.
606 _aПедагогические технологии
_jСъезды, совещания и т.п.
_92076378
_3RU\NLR\auth\661251519
686 1 _aЧ312я431
702 1 _4340
_7ca
_8rus
_aАкутина
_bС. П.
_cд-р пед. наук
_gСветлана Петровна
_9101441
_3RU\NLR\AUTH\77118516
711 1 2 _a"Освоение и внедрение современных образовательных технологий в учебный процесс", международная научно-практическая конференция
_d13
_eТаганрог
_f2016
_9539375
_3RU\NLR\AUTH\880437574
942 _cBOOK
980 _aNBR